00231nam a2200085Ia 4500008004100000082001300041100003100054245005200085300000800137210430s9999 xx 000 0 und d a747 Q95M aEngr. Sharf Ud Din Qureshi aMakan Khud BanwayencEngr. Sharf Ud Din Qureshi a192